The human pulmonary circulation : (Record no. 113966)
[ view plain ]
| 000 -LEADER | |
|---|---|
| fixed length control field | 00919cam a2200253 i 4500 |
| 008 - FIXED-LENGTH DATA ELEMENTS--GENERAL INFORMATION | |
| fixed length control field | |
| 020 ## - INTERNATIONAL STANDARD BOOK NUMBER | |
| International Standard Book Number | 044301177X (hbk) |
| 049 ## - LOCAL HOLDINGS (OCLC) | |
| Holding library | MAIN |
| 050 00 - LIBRARY OF CONGRESS CALL NUMBER | |
| Classification number | RC669 |
| -- | HAR |
| 003 - CONTROL NUMBER IDENTIFIER | |
| control field | |
| 005 - DATE AND TIME OF LATEST TRANSACTION | |
| control field | 20230120203925.0 |
| 040 ## - CATALOGING SOURCE | |
| Transcribing agency | NUST |
| 100 1# - MAIN ENTRY--PERSONAL NAME | |
| Personal name | Harris, Peter |
| 245 14 - TITLE STATEMENT | |
| Title | The human pulmonary circulation : |
| Remainder of title | its form and function in health and disease / |
| Statement of responsibility, etc. | Peter Harris, Donald Heath ; foreword by Melville Arnott. |
| 250 ## - EDITION STATEMENT | |
| Edition statement | 2nd ed. |
| 260 ## - PUBLICATION, DISTRIBUTION, ETC. | |
| Place of publication, distribution, etc. | Edinburgh ; |
| -- | New York : |
| Name of publisher, distributor, etc. | Churchill Livingstone ; |
| Place of publication, distribution, etc. | New York : |
| Name of publisher, distributor, etc. | distributed in the United States of America by Longman, |
| Date of publication, distribution, etc. | 1977. |
| 300 ## - PHYSICAL DESCRIPTION | |
| Extent | xiv, 712 p. : |
| Other physical details | ill. ; |
| Dimensions | 26 cm. |
| 504 ## - BIBLIOGRAPHY, ETC. NOTE | |
| Bibliography, etc. note | Includes bibliographical references and index. |
| 650 #0 - SUBJECT ADDED ENTRY--TOPICAL TERM | |
| Topical term or geographic name entry element | Lungs |
| General subdivision | Blood-vessels |
| -- | Diseases. |
| 650 #0 - SUBJECT ADDED ENTRY--TOPICAL TERM | |
| Topical term or geographic name entry element | Pulmonary circulation. |
| 700 1# - ADDED ENTRY--PERSONAL NAME | |
| Personal name | Heath, Donald, |
| Relator term | joint author. |
| 907 ## - LOCAL DATA ELEMENT G, LDG (RLIN) | |
| a | .b1019437x |
| b | 02-03-06 |
| c | 02-03-06 |
| 942 ## - ADDED ENTRY ELEMENTS (KOHA) | |
| Koha item type | Ordinary Loan Books |
| Date last seen | Total Checkouts | Full call number | Barcode | Cost, replacement price | Price effective from | Koha item type | Lost status | Source of classification or shelving scheme | Damaged status | Not for loan | Collection | Withdrawn status | Home library | Current library | Shelving location | Date acquired | Cost, normal purchase price |
|---|---|---|---|---|---|---|---|---|---|---|---|---|---|---|---|---|---|
| 01/20/2023 | RC669 O"RO | 92003010815 | 80.00 | 01/20/2023 | BOOKS | LCC | NFIC | Medical | Medical | GEN | 01/20/2023 | 80.00 |